00403nam a2200157Ia 4500008004100000020001800041082001400059100002000073245005000093250000600143260001900149300001800168500002500186650001200211700002200223230524s9999 xx 000 0 und d a9780123838728 a4.22bHEN aJohn L.Hennessy 0aComputer Architecture A Quantitative Approach a5 bElsevierc2016 a"XXVII,476p;" aQuantity Number: 80 aComp.Sc aDavid A.Patterson